ბათუმის შოთა რუსთაველის სახელმწიფო უნივერსიტეტის ბიბლიოთეკა

ყველამ მიულოცა (ბიბ.ჩანაწერი № 49709)

000 -LEADER
fixed length control field 00844nam a2200229Ia 4500
001 - CONTROL NUMBER
control field 16643
003 - CONTROL NUMBER IDENTIFIER
control field GE_BSU
008 - FIXED-LENGTH DATA ELEMENTS--GENERAL INFORMATION
fixed length control field 181216s||||||||xx |||||||||||||| ||und||
040 ## - CATALOGING SOURCE
Transcribing agency GE_BSU
080 ## - UNIVERSAL DECIMAL CLASSIFICATION NUMBER
Universal Decimal Classification number 821.353.1-32 + 821.353.1-34 + 821.353.1-2
100 ## - MAIN ENTRY--PERSONAL NAME
Personal name ნაკაშიძე, ნინო
245 ## - TITLE STATEMENT
Title ყველამ მიულოცა
245 ## - TITLE STATEMENT
Remainder of title მოთხრობები, ზღაპრები, პიესები
245 ## - TITLE STATEMENT
Statement of responsibility, etc. რედ.ვ.ძიძიგური.მხ.ი.სუხიშვილი
260 ## - PUBLICATION, DISTRIBUTION, ETC.
Place of publication, distribution, etc. თბილისი
260 ## - PUBLICATION, DISTRIBUTION, ETC.
Name of publisher, distributor, etc. საბლიტგამი
260 ## - PUBLICATION, DISTRIBUTION, ETC.
Date of publication, distribution, etc. 1957
300 ## - PHYSICAL DESCRIPTION
Extent 345გვ. ; 22სმ
653 ## - INDEX TERM--UNCONTROLLED
Uncontrolled term მოთხრობები, ზღაპრები, პიესები
653 ## - INDEX TERM--UNCONTROLLED
Uncontrolled term ყველამ მიულოცა
942 ## - ADDED ENTRY ELEMENTS (KOHA)
Koha item type წიგნი
ეგზემპლარები
Withdrawn status Lost status Damaged status Not for loan Date acquired Barcode Date last seen Price effective from Koha item type
        2018-12-17 41239 2018-12-17 2018-12-17 წიგნი
        2018-12-17 41240 2018-12-17 2018-12-17 წიგნი
        2018-12-17 41241 2018-12-17 2018-12-17 წიგნი